000
00235 a2200097 4500
001
48302
100
_a
Schacht, J
245
_a
The origins of Muhammadan jurisprudence
260
_a
London
_b
Oxford univ press
_c
090
_c
31254
_d
31254
942
_a
NUST-CAE
_c
M
_c
23619
999
_c
283375
_d
283375